|
|
แสดงรายละเอียดบรรณานุกรม |
|
|
Brief Record
: Get Marc (ISO 2709)
: E-mail record
: |
|
|
| LEADER 00000nam 2200000uu 4500 | |||
| 001 214229 | |||
| 003 ULIBM | |||
| 008 020711s2022 th a 000 0 eng d | |||
| 020 ^a9780323556064 | |||
| 041 ^aeng | |||
| 060 ^aWY152 B365a 2022 | |||
| 100 ^aBeavers-Kirby, Jill. | |||
| 245 ^aAdult-gerontology acute care nurse practitioner certification review/^cJill Beavers-Kirby. | |||
| 260 ^aSt. Louis,Miss :^bElsevier,^c2022 | |||
| 300 ^axiv,326 pages ;^c28 cm | |||
| 650 4 ^aGerontology | |||
| 650 4 ^aGeriatric nursing --Examinations, questions, etc | |||
| 650 4 ^aTest Taking Skills | |||
| 999 ^aใช้งานได้ทุกระบบ | |||
| คุณยังไม่ได้ล็อกอิน คุณสามารถมีกิจกรรมร่วมกับเว็บไซต์ได้ แต่ต้องล็อกอินก่อน :: |
|
| สถานะ | |||||||||
| 1. | การพยาบาล (ตำราหลัก) | WY152 B365a 2022 c.1 | On Shelf ขอยืม | ||||||
| Note:จัดซื้อปีงบประมาณ 2567 | |||||||||
| [แสดง 1/1 รายการ] | |||||||||
| รายการใกล้เคียง หัวเรื่อง [Gerontology]
|
BibComment |
| คอมเมนท์ทรัพยากรรายการนี้ |
|
|